Verfasser:
In: Przegla̜d geograficzny, Band 71, Heft 1/2 (1999), Seite p. 170-172
alle Artikel anzeigen
Veröffentlicht: 1999
Format: Aufsatz
Sprache: Keine Angabe
Kein Bild verfügbar
X
alg: 39497268
001A    $01999:12-11-16 
001B    $01999:04-08-21 $t21:00:50.000 
001C    $06050:19-11-16 $t08:53:25.000 
001D    $01999:12-11-16 
001U    $0utf8 
001X    $00 
002@    $0Aox 
003@    $0394972686 
007A    $0394972686 $aHEB 
007T    $0Herdc0011291v 
010@    $axxx 
011@    $a1999 
028A    $aKusiński $dWitold 
031A    $d71 $e1/2 $hp. 170-172 $j1999 
039B    $aIn $8--Abvc--. Przegla̜d geograficzny. - Warszawa : Państwowe Wydawn. Naukowe, 1918-. - ISSN 0033-2143 $x199900000710001830 $9047308648 
039T    $6_c0005134v 
045F    $a900.94793 $eDDC23BSB 
045F/01 $a900 
045F/03 $g4793 
045T    $a14 

lok: 39497268 78

exp: 39497268 78 1 #EPN
201B/01 $018-11-16 $t13:18:42.000 
201U/01 $0utf8 
203@/01 $0791271277 
208@/01 $a12-11-16 $be 
209A/01 $a/ $f000 $x00 
220C/01 $aHerkunft: LII Vilnius / Irena Tumelytė 
244Z/01 $2Trx $#Litauen $#Lithuania $#Litwa $#Litva $#Litva $8--Trx--Lietuva $x01 $9391193457 
244Z/01 $2Trx $#arvustused $#recenzijos $#Reviews $#recenziók $#recenzje $#recenzie $#recenze $8--Trx--Rezensionen $x02 $9391357441 
247C/01 $82080>Marburg/Lahn, Herder-Institut, Forschungsbibliothek, Bibliographieportal $9336309341
LEADER 00000caa a22000002c 4500
001 394972686
003 DE-603
005 20210804210050.0
007 tu
008 161112s1999 xx |||| | u00||u|xxx c
035 |a (DE-599)HEB394972686 
040 |a DE-603  |b ger  |c DE-603  |d DE-603 
041 |a xxx 
082 0 4 |8 1\u  |a 900.94793  |q DE-101  |2 23/BSB 
084 |a 14  |2 ssgn 
085 |8 1\u  |b 900 
085 |8 1\u  |z 2  |s 4793 
100 1 |a Kusiński, Witold 
264 0 |c 1999 
773 0 8 |i In  |t Przegla̜d geograficzny  |d Warszawa : Państwowe Wydawn. Naukowe, 1918-  |x 0033-2143  |g Band 71, Heft 1/2 (1999), Seite p. 170-172  |w (DE-603)047308648  |w (DE-600)209415-0 
787 0 8 |i Rezension von 
924 0 |9 2080  |a (DE-603)791271277  |b DE-2080  |c HES  |d d  |g /